The politics of marriage in contemporary China /

Bibliographic Details
Main Author: Croll, Elisabeth, 1944-2007
Format: Book
Language:English
Published: Cambridge [Cambridgeshire] ; New York : Cambridge University Press, 1981.
Series:Contemporary China Institute publications.
Subjects:

MARC

Tag First Indicator Second Indicator Subfields
LEADER 00000cam a2200000 a 4500
001 in00000077588
005 20151008053803.0
008 810715s1981 enk b 00110 eng
010 |a  80040586  
015 |a GB*** 
020 |a 0521233453 
035 |a (OCoLC)07652844 
035 |9 AAH8638AM 
039 0 |a 2  |b 3  |c 3  |d 3  |e 3 
040 |a DLC  |c DLC  |d TXA  |d UtOrBLW 
043 |a a-cc--- 
049 |a TXAM  |c [387275] 
050 0 0 |a HQ684  |b .A24 
082 0 |a 306.8/0951  |2 19 
100 1 |a Croll, Elisabeth,  |d 1944-2007. 
245 1 4 |a The politics of marriage in contemporary China /  |c Elisabeth Croll. 
264 1 |a Cambridge [Cambridgeshire] ;  |a New York :  |b Cambridge University Press,  |c 1981. 
300 |a xiv, 210 pages ;  |c 22 cm. 
336 |a text  |b txt  |2 rdacontent 
337 |a unmediated  |b n  |2 rdamedia 
338 |a volume  |b nc  |2 rdacarrier 
490 1 |a Contemporary China Institute publications 
500 |a Includes index. 
504 |a Bibliography: pages 190-207. 
650 0 |a Marriage  |z China  |x History  |y 20th century. 
830 0 |a Contemporary China Institute publications. 
999 |a MARS 
999 f f |s ea0c3ce6-d90e-3679-9c92-d9619491baa6  |i 1a9be9f5-d15f-3441-bdf5-125e247a57eb  |t 0 
952 f f |p ric  |a Texas A&M University  |b Rellis Campus  |c Joint Library Facility  |d Remote Storage  |t 0  |e HQ684 .A24  |h Library of Congress classification  |i unmediated -- volume  |m A14806142085 
998 f f |a HQ684 .A24  |t 0  |l Remote Storage